00635 2200241 4500001002100000005001700021008004100038020001800079035002500097040001200122082001000134090001900144100002500163245005100188250001100239260003100250300003100281440002700312650001900339850001200358990001200370990001100382YOGYA-0209000003551220150527084945.0 ind  a979-413-495-3 a0010-020900000035512 aYOPDYOG a179.1 aT 179.1bWid S aWidarso, Wishnubroto a10 kiat menjadi bahagiac/ Wishnubroto Widarso aCet. 1 aYogyakartabKanisiusc1991 a71 hlm. :bilus. ;c21 cm. aSeri Pustaka kaum muda aFilsafat hidup aYOPDYOG a32890-P a3529-P